Quiz Sui Paesi "Stan" - Statistics

Statistiche generali
  • Questo quiz è stato fatto 5.689 volte
  • Il punteggio medio è 6 su 7
Statistiche sulle risposte
Nazione % Corretto
Uzbekistan
94%
Afghanistan
93%
Kazakistan
93%
Turkmenistan
93%
Pakistan
91%
Tagikistan
88%
Kirghizistan
86%
Nessun quiz corrispondente trovato
Distribuzione punteggi
Percentuale di utenti per punteggio
Percentile per numero di risposta
I tuoi punteggi nel tempo
Non hai fatto questo quiz